| Поле | Инд. | ПП | Название | Значение |
|---|---|---|---|---|
| Тип записи | a | |||
| Библиографический уровень | b | |||
| 001 | Контрольный номер | RU/IS/BASE/126887519 | ||
| 005 | Дата корректировки | 20200601191443.2 | ||
| 084 | a | Индекс другой классификации/Индекс ББК | 60.543.172(2Рос)-7 | |
| 100 | 1_ | a | Автор | Добрынина В. И. |
| 100 | 1_ | a | Автор | Кухтевич Т. Н. |
| 245 | a | Заглавие | Процессы перемен в сознании российской учащейся молодежи | |
| 504 | a | Библиография | Библиогр. ссылки | |
| 650 | a | Основная рубрика | социология | |
| a | Основная рубрика | социология групп | ||
| 653 | a | Ключевые слова | качество обучения | |
| a | Ключевые слова | молодежь | ||
| a | Ключевые слова | образование | ||
| a | Ключевые слова | общественное мнение | ||
| a | Ключевые слова | Россия | ||
| a | Ключевые слова | семья | ||
| a | Ключевые слова | средняя школа | ||
| a | Ключевые слова | студенты | ||
| a | Ключевые слова | студенческая молодежь | ||
| a | Ключевые слова | учащиеся | ||
| a | Ключевые слова | ценностные ориентации | ||
| 773 | t | Заглавие источника | Вестник Московского университета. Серия 18, Социология и политология | |
| d | Дата издания источника | 2003 | ||
| g | Прочая информация | № 4. - С. 166 - 177 : табл. | ||
| w | Контрольный № источника | RU/IS/BASE/124899300 | ||
| 901 | t | Тип документа | b |